ARRUPE JESUIT UNIVERSITY

CORONAVIRUS -STOP THE SPREAD - CLEAN,DISINFECT,COVER

Casanova's Chinese restaurant : (Record no. 118553)

MARC details
000 -LEADER
fixed length control field 00724cam a22002411a 4500
001 - CONTROL NUMBER
control field 459464
003 - CONTROL NUMBER IDENTIFIER
control field ARRUPE
005 - DATE AND TIME OF LATEST TRANSACTION
control field 20131106144336.0
008 - FIXED-LENGTH DATA ELEMENTS--GENERAL INFORMATION
fixed length control field 860407s1960 enk 000 1 eng d
035 ## - SYSTEM CONTROL NUMBER
System control number (OCoLC)1942192
035 ## - SYSTEM CONTROL NUMBER
System control number (OCoLC)ocm01942192
035 ## - SYSTEM CONTROL NUMBER
System control number (CStRLIN)NYCG86-B35872
035 ## - SYSTEM CONTROL NUMBER
System control number (NNC)459464
040 ## - CATALOGING SOURCE
Original cataloging agency NjP
Transcribing agency NjP
Modifying agency NNC
300 ## - PHYSICAL DESCRIPTION
Dimensions 19 cm.
100 1# - MAIN ENTRY--PERSONAL NAME
Personal name Powell, Anthony,
Dates associated with a name 1905-2000.
9 (RLIN) 3399
245 10 - TITLE STATEMENT
Title Casanova's Chinese restaurant :
Remainder of title a novel /
Statement of responsibility, etc Anthony Powell.
260 ## - PUBLICATION, DISTRIBUTION, ETC. (IMPRINT)
Place of publication, distribution, etc London :
Name of publisher, distributor, etc Heinemann,
Date of publication, distribution, etc 1960.
300 ## - PHYSICAL DESCRIPTION
Extent 229 p. ;
490 1# - SERIES STATEMENT
Series statement Music of time / Anthony Powell.
800 1# - SERIES ADDED ENTRY--PERSONAL NAME
Personal name Powell, Anthony,
Dates associated with a name 1905-2000.
Title of a work Dance to the music of time.
9 (RLIN) 3400
942 ## - ADDED ENTRY ELEMENTS (KOHA)
Source of classification or shelving scheme Library of Congress Classification
Koha item type Monograph ( Printed materials)
Holdings
Withdrawn status Lost status Source of classification or shelving scheme Damaged status Not for loan Home library Current library Date acquired Total Checkouts Full call number Barcode Date last seen Price effective from Koha item type
    Library of Congress Classification     ARRUPE LIBRARY ARRUPE LIBRARY 06/11/2013   PR6031.O74C3 1970 46411179 06/11/2013 06/11/2013 Monograph ( Printed materials)

 

Arrupe Library. PO Box MP320 Mt Pleasant, Harare, Zimbabwe
263 242 745411|librarian@aju.ac.zw